000 00432nam a22001577a 4500
003 OSt
005 20211102105332.0
008 211102b |||||||| |||| 00| 0 eng d
020 _a007048645X
040 _cHU
082 _a330 SAM 2001
100 _a Samuelson, Paul A.
_d (Paul Anthony), 1915-2009; Nordhaus, William D.; Temin, Peter
_916612
245 _a Economics
300 _aXXIV792P
_bPC
_c25CM
942 _2ddc
_cBOOKS
_n0
999 _c16262
_d16262